[Event "ch-Euro Youth b16"]
[Site "Albena BUL"]
[Date "2011.09.15"]
[Round "5.27"]
[White "Nadirashvili,S"]
[Black "Mindlin,A"]
[Result "0-1"]
[WhiteElo "2035"]
[BlackElo "2175"]

1.d4 Nf6 2.c4 e6 3.g3 d5 4.Nf3 Be7 5.Bg2 O-O 6.O-O dxc4 7.Qc2 a6 8.Qxc4 b5
9.Qc2 Bb7 10.Bd2 Nbd7 11.Ba5 Rc8 12.Rd1 Qe8 13.b4 Nb8 14.Ne5 Bxg2 15.Kxg2 Bd6
16.Nd2 Nd5 17.a3 Bxe5 18.dxe5 Nc6 19.Nf3 Nxa5 20.bxa5 f5 21.exf6 Rxf6 22.Qc5 Qh5
23.Rac1 Rcf8 24.Rd3 Qg6 25.Kf1 Qf5 26.Qc6 g5 27.Qxa6 g4 28.Qc6 gxf3 29.Rxf3 Qe4
30.Kg1 Qxe2 31.Rxf6 Rxf6 32.Qc5 Qd2 33.Rb1 Nc3 34.Rb4 Qd1+ 35.Kg2 Qf3+ 36.Kh3 Ne4
37.Qe3 Nxf2+  0-1

[Event "ch-Euro Youth g16"]
[Site "Albena BUL"]
[Date "2011.09.15"]
[Round "5.14"]
[White "Baraeva,I"]
[Black "Cemhan,K"]
[Result "1-0"]
[WhiteElo "2187"]
[BlackElo "1888"]

1.d4 Nf6 2.c4 e6 3.g3 d5 4.Bg2 Be7 5.Nf3 O-O 6.O-O dxc4 7.Ne5 Nc6 8.Nxc6 bxc6
9.Bxc6 Rb8 10.Bg2 Bb7 11.e3 c5 12.Bxb7 Rxb7 13.Nd2 cxd4 14.Nxc4 dxe3 15.Bxe3 Nd5
16.Bd4 Bf6 17.a3 Rd7 18.Bxf6 Qxf6 19.Qe2 Rc8 20.Rad1 Rdc7 21.Nd6 Rc2 22.Qe4 Qxb2
23.Nxc8 Rxc8 24.Qa4 Nc3 25.Qa6 Rf8 26.Rd7 Qc2 27.Re1 Ne4 28.Qe2 Qc6 29.Rd3 Nf6
30.Qe3 Qa6 31.Rb3 Nd5 32.Qc5 h6 33.Reb1 Nb6 34.Qb5 Qb7 35.a4 Qe4 36.a5 Nc8
37.Qb7 Qd4 38.Qb4 Qd5 39.R3b2 Rd8 40.Rc1 Qf3 41.Rd2 Rf8 42.Rdc2 Qa8 43.Qxf8+  1-0

[Event "ch-Euro Youth g18"]
[Site "Albena BUL"]
[Date "2011.09.15"]
[Round "5.24"]
[White "Kolaric,S"]
[Black "Forsa,E"]
[Result "1-0"]
[WhiteElo "2102"]
[BlackElo "1724"]

1.d4 d5 2.c4 e6 3.Nf3 Nf6 4.g3 Be7 5.Bg2 O-O 6.O-O Nbd7 7.Qc2 c5 8.Rd1 Qc7
9.Bf4 Bd6 10.Bxd6 Qxd6 11.Na3 a6 12.Rac1 cxd4 13.Rxd4 Qe7 14.Rh4 dxc4 15.Nxc4 b5
16.Na5 Qd6 17.Nd4 Rb8 18.Ndc6 Rb6 19.Rd1 Qc5 20.Qxc5 Nxc5 21.Rc1 g5 22.Rd4 e5
23.Rd6 Ncd7 24.Ne7+ Kg7 25.Rxc8 Re8 26.Rxe8 Rxd6 27.Nf5+ Kg6 28.Nxd6 Nxe8
29.Nxe8  1-0

[Event "4th Mumbai Mayors Cup"]
[Site "Mumbai IND"]
[Date "2011.09.17"]
[Round "2"]
[White "Laxman,R"]
[Black "Vinod,G"]
[Result "1-0"]
[WhiteElo "2451"]
[BlackElo "2138"]

1.Nf3 d5 2.d4 Nf6 3.c4 e6 4.g3 Be7 5.Bg2 O-O 6.O-O c5 7.cxd5 Nxd5 8.Nc3 Nxc3
9.bxc3 Nc6 10.e4 cxd4 11.cxd4 Bf6 12.Be3 Bd7 13.h4 Rc8 14.Rb1 b5 15.Qe2 a5
16.Rfd1 Nb4 17.Rb2 Rc4 18.a3 Na6 19.Bg5 Be7 20.Ne5 f6 21.Nxc4 fxg5 22.Ne5 Bxa3
23.Nxd7 Qxd7 24.Rxb5 Bb4 25.hxg5 Nc7 26.Rb7 Qc8 27.e5 Nd5 28.Bxd5 exd5 29.Qb5 Qc2
30.Qxd5+ Kh8 31.Rf1  1-0

[Event "TCh-NED Meesterklasse 2011-12"]
[Site "Netherlands NED"]
[Date "2011.09.17"]
[Round "1.10"]
[White "Van der Wijk,W"]
[Black "Clijsen,M"]
[Result "0-1"]
[WhiteElo "2148"]
[BlackElo "2179"]

1.d4 d5 2.c4 e6 3.Nf3 Nf6 4.g3 Be7 5.Bg2 O-O 6.O-O Nbd7 7.Qc2 a6 8.Nbd2 c5
9.cxd5 Nxd5 10.a3 cxd4 11.Nxd4 Bf6 12.N4b3 Be7 13.Nc4 a5 14.Ne3 a4 15.Nxd5 exd5
16.Nd4 Nb6 17.Rd1 Be6 18.Bd2 Qd7 19.Bc3 Bf6 20.Qd3 Bh3 21.Bh1 Bg4 22.Re1 Bh5
23.Rad1 Bg6 24.Qb5 Qxb5 25.Nxb5 Bxc3 26.Nxc3 Nc4 27.Nxd5 Nxb2 28.Rd4 Rae8
29.e4 b5 30.Nc7 Rb8 31.Na6 Rbc8 32.Nb4 Nc4 33.Nd5 Rfe8 34.Rc1 Kf8 35.Rc3 Ne5
36.Rxc8 Rxc8 37.f4 Nc4 38.f5  0-1

[Event "TCh-NED Meesterklasse 2011-12"]
[Site "Netherlands NED"]
[Date "2011.09.17"]
[Round "1.7"]
[White "Van der Stricht,G"]
[Black "Van Ketel,R"]
[Result "1-0"]
[WhiteElo "2365"]
[BlackElo "2286"]

1.d4 e6 2.c4 Nf6 3.g3 d5 4.Nf3 Be7 5.Bg2 O-O 6.O-O dxc4 7.Qc2 a6 8.Qxc4 b5
9.Qc2 Bb7 10.Bd2 Be4 11.Qc1 Qc8 12.Bg5 Nbd7 13.Nbd2 Bb7 14.Nb3 a5 15.Rd1 Rd8
16.a4 Bd5 17.Nbd2 h6 18.Bxf6 Nxf6 19.axb5 Qb7 20.Bf1 Bxf3 21.Nxf3 Qxb5 22.Qxc7 Bd6
23.Qc2 Rdc8 24.Qb1 Qb3 25.Nd2 Qb4 26.e3 a4 27.Qd3 Be7 28.Qb5 Rcb8 29.Qxb4 Rxb4
30.Nc4 Rc8 31.Ne5 Rxb2 32.Rxa4 Nd5 33.Rda1 Bf6 34.Ra8 Rbb8 35.Rxb8 Rxb8 36.Nc4 Nc3
37.Kg2 Rd8 38.Ra6 g6 39.Na5 Rb8 40.Rc6 Nd5 41.Rc2 Ne7 42.Nc4 Rd8 43.Be2 h5
44.Ra2 Rd7 45.Ra6 Nd5 46.Bf3 Ne7 47.Nd6 Rd8 48.Ne4 Kg7 49.h3 Rd7 50.Nc5 Rc7
51.Rxe6 Rxc5 52.Rxf6 Rc2 53.Be4 Rd2 54.Ra6 Rd1 55.Ra7 Kf6 56.h4 Ke6 57.Ra2 Nc8
58.Bc2 Rc1 59.Ra6+ Ke7 60.Bd3 Rd1 61.Ra3 Nd6 62.Kf3 Rd2 63.e4 Rb2 64.Ra7+ Ke8
65.e5  1-0

[Event "Shenzhen WGP 2011"]
[Site "Shenzhen CHN"]
[Date "2011.09.17"]
[Round "9"]
[White "Ju Wenjun"]
[Black "Zhao Xue"]
[Result "1-0"]
[WhiteElo "2536"]
[BlackElo "2497"]

1.d4 Nf6 2.c4 e6 3.g3 d5 4.Nf3 Be7 5.Bg2 O-O 6.b3 c5 7.cxd5 exd5 8.O-O Nc6
9.Bb2 Bg4 10.Ne5 Bh5 11.dxc5 Bxc5 12.Nd3 Bd6 13.Nd2 Re8 14.Nf3 Qe7 15.Re1 Rad8
16.Rc1 Bg6 17.Nd4 Nb4 18.Nxb4 Bxb4 19.Rf1 a6 20.e3 Ne4 21.Qe2 h6 22.Rfd1 Ba5
23.h4 Bb6 24.Qf3 Qe5 25.Ba1 Qe7 26.Bb2 Qe5 27.Ba1 Qe7 28.Bh3 Rd6 29.Bb2 Qd8
30.Rc8 Qe7 31.Rdc1 Rdd8 32.Rxd8 Rxd8 33.Nf5 Bxf5 34.Bxf5 Nf6 35.Rd1 Ne4 36.Qg4 Nf6
37.Qf4 Bc5 38.Bc2 Qd6 39.Be5 Qe6 40.Qf5 Be7 41.Kg2 Kf8 42.Bd4 Ke8 43.Qf3 Kf8
44.Bf5 Qc6 45.Bb2 Qd6 46.Rc1 Nd7 47.Rd1 Ne5 48.Qe2 Nc6 49.Be4 Qe6 50.Bf3 Ne5
51.Bxe5 Qxe5 52.Qd3 g6 53.Bxd5 Rd7 54.e4 Rc7 55.a4 Kg7 56.Qf3 Bf6 57.Qe3 b5
58.axb5 axb5 59.Qb6 Rc2 60.Rd3 b4 61.Qxb4 Be7 62.Qb7 Rc7 63.Qb5 Qb2 64.Rf3 Bf6
65.Qb6 Qe5 66.Rxf6  1-0

[Event "4th Mumbai Mayors Cup"]
[Site "Mumbai IND"]
[Date "2011.09.22"]
[Round "9"]
[White "Kunte,A"]
[Black "Kravtsiv,M"]
[Result "1/2-1/2"]
[WhiteElo "2528"]
[BlackElo "2583"]

1.d4 Nf6 2.c4 e6 3.g3 d5 4.Nf3 Be7 5.Bg2 O-O 6.O-O dxc4 7.Qc2 a6 8.a4 Bd7
9.Qxc4 Bc6 10.Bf4 a5 11.Nc3 Na6 12.Rac1 Nb4 13.Rfe1 Nfd5 14.Nxd5 Nxd5 15.Ne5 Bb4
16.Nxc6  1/2-1/2

[Event "4th Mumbai Mayors Cup"]
[Site "Mumbai IND"]
[Date "2011.09.23"]
[Round "10"]
[White "Sethuraman,S"]
[Black "Swapnil,SD"]
[Result "1/2-1/2"]
[WhiteElo "2529"]
[BlackElo "2411"]

1.Nf3 Nf6 2.c4 e6 3.g3 d5 4.d4 Be7 5.Bg2 O-O 6.O-O dxc4 7.Qc2 a6 8.a4 Bd7
9.Qxc4 Bc6 10.Bf4 a5 11.Nc3 Na6 12.Ne5 Bxg2 13.Kxg2 Nd5 14.Rad1 Nxf4+ 15.gxf4 c6
16.e3 Nb4 17.Kh1 Nd5 18.Ne4 f6 19.Nf3 Rf7 20.Rg1 Bf8 21.Rg3 Qb6 22.Qc2 Nb4
23.Qc4 Nd5 24.b3 Qa6 25.Qc2 Nb4 26.Qb1 Rd8 27.Rh3 g6 28.Rg3 c5 29.h4 Rd5
30.Nc3 Rf5 31.d5 Nxd5 32.Nxd5 Rxd5 33.Rxd5 exd5 34.f5 Rg7 35.fxg6 hxg6 36.Rxg6 Qe6
37.Kg2 f5 38.Rxg7+ Bxg7 39.Ng5 Qd7 40.Qc2 b6 41.Qe2 Bf6 42.Qh5 Bxg5 43.hxg5 d4
44.Qg6+ Kh8 45.Qf6+ Kg8 46.g6 Qd5+ 47.Kg3 dxe3 48.fxe3 Qxb3 49.Qe5 Qb1 50.Qe7 Qg1+
51.Kf3 Qf1+ 52.Kg3 Qg1+ 53.Kf3 Qg4+ 54.Kf2 Qxg6 55.Qd8+ Kh7 56.Qe7+ Qg7 57.Qh4+ Qh6
58.Qe7+ Kg6 59.Qd6+ Kh7 60.Qe7+ Kg8 61.Qe8+ Kg7 62.Qe7+ Kg6 63.Qd6+ Kh7 64.Qe7+ Qg7
65.Qh4+ Kg6 66.Qg3+  1/2-1/2

[Event "8th Highlands Open"]
[Site "Zdar nad Sazavou CZE"]
[Date "2011.09.25"]
[Round "2"]
[White "Zamorsky,Ladislav"]
[Black "Vecera,Pa"]
[Result "1/2-1/2"]
[WhiteElo "1757"]
[BlackElo "2203"]

1.d4 d5 2.c4 e6 3.g3 Nf6 4.Bg2 Be7 5.Nf3 O-O 6.O-O c5 7.dxc5 Bxc5 8.cxd5 exd5
9.Nc3 Nc6 10.a3 h6 11.b4 Bb6 12.Bb2 Be6 13.Nb5 Ne4 14.Rc1 Qe7 15.Nbd4 Rac8
16.Qd3 Rfd8 17.Rc2 Nxd4 18.Nxd4 Rxc2 19.Nxc2 Bf5 20.Nd4 Bg6 21.Qe3 Qf6 22.Rd1 Nd6
23.Qf3 Qxf3 24.Bxf3 Nc4 25.Bc1 Be4 26.Kg2 Ne5 27.Bf4 Bxd4 28.Bxe4 Nc6 29.Bf3 a6
30.Bxd5 Rxd5 31.e3 b5 32.exd4 Rxd4 33.Rxd4 Nxd4 34.Be5 Nc6 35.Bd6 f5 36.Bc5 Kf7
37.Kf3 g6 38.Ke3 Ke6 39.f4 Kd5 40.Kd3 h5 41.h4 a5 42.Bf8 a4 43.Bc5 Nb8 44.Be3 Nd7
45.Bd4 Nf8 46.Bg7 Ne6 47.Bf6 Nf8 48.Bg7 Nd7 49.Bd4 Nb8 50.Ba7 Nc6 51.Be3 Nd8
52.Bb6 Nf7 53.Bc7 Nh6 54.Bb6 Ng4 55.Bg1 Nf6 56.Bf2 Ne4 57.Be1 Nd6 58.Bd2 Nc4
59.Be1 Nd6  1/2-1/2

[Event "16th ECC w"]
[Site "Rogaska Slatina SLO"]
[Date "2011.09.29"]
[Round "5.1"]
[White "Lahno,Kateri"]
[Black "Zatonskih,A"]
[Result "1-0"]
[WhiteElo "2554"]
[BlackElo "2508"]

1.c4 e6 2.g3 d5 3.Nf3 Nf6 4.Bg2 Be7 5.d4 O-O 6.Qc2 c5 7.dxc5 Qa5+ 8.Nc3 dxc4
9.O-O Nc6 10.Bg5 Qxc5 11.Bxf6 gxf6 12.Ne4 Qb5 13.Rfd1 e5 14.Nc3 Qc5 15.Nh4 Nd4
16.Qc1 Rd8 17.e3 Nc6 18.Rxd8+ Bxd8 19.Qd1 f5 20.Qh5 Bxh4 21.Qxh4 Be6 22.Qg5+ Kh8
23.Qf6+ Kg8 24.Qg5+ Kh8 25.Qf6+ Kg8 26.Bxc6 Qxc6 27.Rd1 b5 28.Qxe5 b4 29.Nd5 Bxd5
30.Rxd5 Rc8 31.Qxf5 c3 32.Qg4+ Kh8 33.Qd4+ f6 34.bxc3 Qxc3 35.Qxa7 b3 36.axb3 Qxb3
37.Qd4 Rf8 38.Rd7 Qb1+ 39.Kg2 Qf5 40.Qd3 Qh5 41.Qd6 Qh6 42.h4 Kg8 43.Qe6+ Kh8
44.Rf7 Rxf7 45.Qxf7 f5 46.Qe8+ Kg7 47.Qe7+ Kh8 48.Qd8+ Kg7 49.Qg5+ Qxg5 50.hxg5 Kg6
51.f4  1-0

[Event "16th ECC w"]
[Site "Rogaska Slatina SLO"]
[Date "2011.10.01"]
[Round "7.3"]
[White "Danielian,E"]
[Black "Bojkovic,N"]
[Result "1/2-1/2"]
[WhiteElo "2517"]
[BlackElo "2378"]

1.d4 Nf6 2.Nf3 e6 3.g3 d5 4.Bg2 Be7 5.c4 O-O 6.O-O dxc4 7.Qc2 a6 8.a4 Bd7
9.Qxc4 Bc6 10.Bg5 Bd5 11.Qd3 c5 12.Nc3 Bc6 13.Bxf6 Bxf6 14.dxc5 Nd7 15.Ne4 Bxe4
16.Qxe4 Nxc5 17.Qb4 Rc8 18.Rac1 b6 19.Rfd1 a5 20.Qc4 Qc7 21.b3 Rfd8 22.Rxd8+ Rxd8
23.Qb5 Qd6 24.b4 axb4 25.Qxb4 Be7 26.Qb5 g6 27.h4 h5 28.Rb1 Bf6 29.e3 Kg7
30.Ne1 Bc3 31.Bf3 Qc7 32.Qc4 Ba5 33.Nc2 Qd7 34.Ra1 e5 35.Nb4 Qf5 36.Kg2 e4
37.Be2 Rd6 38.Ra2 Kh7 39.Kg1 Rf6 40.Bf1 Bxb4 41.Qxb4 Nd3 42.Bxd3 exd3 43.Rd2 Rc6
44.Qf4 Qd5 45.e4 Qc4 46.Kg2 Kg8 47.e5 Qc3 48.Qe3 Re6 49.f4 Qc6+ 50.Qf3 Qxa4
51.Qxd3 Qc6+ 52.Qf3 b5 53.Rb2 Qc5 54.Qf2 Qd5+ 55.Qf3 Qc5 56.Qd3 b4 57.Rc2 Qb6
58.Qd5 Re8 59.Rc6 Qe3 60.Rxg6+ Kf8 61.Rc6 Qe2+ 62.Kh3 Qg4+ 63.Kh2 Qe2+ 64.Qg2 Qb5
65.Rc7 Rd8 66.Rb7 Qc4 67.e6 fxe6 68.Qb2 Rd4 69.Rb8+ Kf7 70.Rb7+ Kf8 71.Rb8+ Kf7
72.Rb7+ Kg6 73.Qb1+ Re4  1/2-1/2

[Event "World Amateur Chess Championship"]
[Site "Antalya TUR"]
[Date "2011.10.02"]
[Round "2"]
[White "Vivek,M"]
[Black "Akshat,Chandra"]
[Result "0-1"]
[WhiteElo "1882"]
[BlackElo "1995"]

1.d4 Nf6 2.c4 e6 3.g3 d5 4.Bg2 Be7 5.Nf3 Nbd7 6.O-O dxc4 7.Qa4 a6 8.Qxc4 b5
9.Qc2 Bb7 10.Rd1 Rc8 11.Ne5 Bxg2 12.Kxg2 c5 13.Nxd7 Qxd7 14.dxc5 Rxc5 15.Rxd7 Rxc2
16.Rd1 Rxe2 17.Nc3 Rc2 18.Rd2 Rxd2 19.Bxd2 O-O 20.Rc1 Rd8 21.Be3 h6 22.Kf3 Kf8
23.Ne2 Ke8 24.Rc6 Ra8 25.h4 Kd7 26.Rc2 Nd5 27.Bd4 Bf6 28.Bxf6 Nxf6 29.Nf4 Rc8
30.Rd2+ Ke7 31.Ne2 Nd5 32.Nd4 Rc1 33.Nb3 Rc4 34.Nd4 g5 35.hxg5 hxg5 36.b3 Rc3+
37.Kg4 Nf6+ 38.Kh3 g4+ 39.Kg2 Ne4 40.Re2 f5 41.Nc2 Kf6 42.Ne3 Ke5 43.Nc2 Kd6
44.Ne3 Nf6 45.Nc2 e5 46.Nb4 a5 47.Rd2+ Ke6 48.Nc2 Nd5 49.Na3 Rc5 50.Rd1 f4
51.gxf4 exf4 52.Rd2 Nf6 53.Re2+ Kf5 54.Re1 f3+ 55.Kg1 Ne4 56.Rd1 Nc3 57.Rd2 Ne2+
58.Kh2 Kf4  0-1

[Event "TCh-CZE Liga1 Vychod"]
[Site "Czech Rep CZE"]
[Date "2011.10.02"]
[Round "1"]
[White "Jaworski, Miroslaw"]
[Black "Rojicek, Vojtech"]
[Result "1-0"]
[WhiteElo "2320"]
[BlackElo "2406"]

1.d4 Nf6 2.c4 e6 3.Nf3 d5 4.g3 Be7 5.Bg2 O-O 6.O-O c6 7.b3 Nbd7 8.Bb2 b6
9.Qc2 Ba6 10.Nbd2 Rc8 11.e4 c5 12.exd5 exd5 13.Qf5 g6 14.Qh3 b5 15.cxb5 Bxb5
16.Rfc1 Bd3 17.dxc5 h5 18.Nd4 Bxc5 19.g4 Ba6 20.gxh5 Nxh5 21.N2f3 Re8 22.Nf5 Bf8
23.Ng3 Ndf6 24.Qh4 Qb6 25.Ne5 Rxc1+ 26.Rxc1 Qa5 27.Qd4 Bh6 28.Nxh5 gxh5 29.Ra1 Bg7
30.Qxa7 Qd2 31.Qxf7+ Kh8 32.Ng6+ Kh7 33.Bxf6 Re1+ 34.Bf1 Bxf1 35.Qxg7+  1-0

[Event "12th Karpov Int"]
[Site "Poikovsky RUS"]
[Date "2011.10.04"]
[Round "1"]
[White "Laznicka,V"]
[Black "Bruzon Batista,L"]
[Result "1-0"]
[WhiteElo "2701"]
[BlackElo "2682"]

1.d4 Nf6 2.c4 e6 3.g3 d5 4.Nf3 Be7 5.Bg2 O-O 6.O-O dxc4 7.Qa4 a6 8.Qxc4 b5
9.Qc2 Bb7 10.Bd2 Bd6 11.a3 Nbd7 12.b4 Be4 13.Qb2 Bd5 14.Bg5 Qb8 15.Bxf6 Nxf6
16.Nc3 a5 17.Nxd5 exd5 18.Ne5 axb4 19.axb4 Ra4 20.Nc6 Qa8 21.Rfc1 Rxa1 22.Qxa1 Qa4
23.Qc3 Ra8 24.f3 Qa2 25.Qd3 h5 26.e4 dxe4 27.fxe4 Ng4 28.e5 Ra3 29.Qf1 Bf8
30.Re1 Qd2 31.h3 Rxg3 32.Re2 Rxg2+ 33.Qxg2 Qc1+ 34.Qf1 Qxc6 35.hxg4 hxg4
36.Qf5 g3 37.Qe4 Qc4 38.d5 Bxb4 39.Qxc4 bxc4 40.Re4 Bc3 41.d6 c5 42.Rxc4 Ba5
43.Ra4  1-0

[Event "US Chess League 2011"]
[Site "ICC INT"]
[Date "2011.10.05"]
[Round "6"]
[White "Enkhbat,T1"]
[Black "Gurevich,D"]
[Result "1-0"]
[WhiteElo "2364"]
[BlackElo "2480"]

1.d4 Nf6 2.c4 e6 3.g3 d5 4.Nf3 Be7 5.Bg2 O-O 6.O-O dxc4 7.Qc2 b5 8.a4 b4
9.Nbd2 Bb7 10.Nxc4 Be4 11.Qd1 c5 12.dxc5 Nbd7 13.Nfe5 Bxg2 14.Kxg2 Qc7 15.Nxd7 Nxd7
16.Bf4 Qc6+ 17.f3 Nxc5 18.b3 Bf6 19.Be5 Bxe5 20.Nxe5 Qa6 21.Ra2 Rfd8 22.Qb1 Rd5
23.Nc4 Rad8 24.Rc2 f6 25.Re1 e5 26.Ne3 Rd2 27.Rxc5 Rxe2+ 28.Kg1 Rdd2 29.Qc1 Rxe1+
30.Qxe1 Qd6 31.Qc1 h5 32.Qc4+ Kh7 33.Rd5 Rxd5 34.Qxd5 Qc7 35.Qe4+ g6 36.Qxb4 Qc1+
37.Nf1 g5 38.Qe7+ Kg6 39.Qxa7 Qb2 40.Qe3 h4 41.gxh4 gxh4 42.Qe4+ f5 43.Qxh4 Qxb3
44.a5 Qa3 45.Qe1 Qc5+ 46.Kg2 f4 47.a6 Kf5 48.Qb1+ Kg5 49.Nd2 Qa5 50.Ne4+ Kh4
51.Qf1 Kh5 52.Qc4 Kh4 53.Qg8  1-0

[Event "1st Qinhuangdao Open"]
[Site "Qinhuangdao CHN"]
[Date "2011.10.06"]
[Round "8"]
[White "Ganguly,S"]
[Black "Yu Lie"]
[Result "1-0"]
[WhiteElo "2631"]
[BlackElo "2416"]

1.d4 d5 2.c4 e6 3.Nf3 Nf6 4.g3 Be7 5.Bg2 Nbd7 6.O-O O-O 7.b3 c6 8.Nc3 b6
9.Nd2 Bb7 10.e4 dxe4 11.Ndxe4 e5 12.dxe5 Nxe5 13.Nxf6+ Bxf6 14.Ba3 Re8 15.Ne4 Be7
16.Nd6 Bxd6 17.Qxd6 Qc8 18.Rae1 Re6 19.Qd2 c5 20.f4 Bxg2 21.Qxg2 Nc6 22.Qd5 Rxe1
23.Rxe1 Qc7 24.Qe4 h6 25.Rd1 Rd8 26.Rd5 Ne7 27.Re5 Rd1+ 28.Kf2 Rd2+ 29.Ke1 Rd4
30.Qe2 Rd7 31.Bb2 Qd6 32.Bc3 Kf8 33.Re4 Qc6 34.Kf2 f5 35.Re3 Qh1 36.Qh5 Qb1
37.Qf3 Qxa2+ 38.Re2 Qa6 39.Qe3 b5 40.cxb5 Qxb5 41.Qe5 Ke8 42.Qxg7 Qxb3 43.Qh8+ Kf7
44.Bf6 Kg6 45.Qg7+ Kh5 46.h3  1-0

[Event "TCh-POL Ekstraliga"]
[Site "Katowice POL"]
[Date "2011.10.07"]
[Round "7.5"]
[White "Gritsak,O"]
[Black "Wojtaszek,R"]
[Result "1/2-1/2"]
[WhiteElo "2528"]
[BlackElo "2721"]

1.Nf3 Nf6 2.c4 e6 3.g3 d5 4.Bg2 Be7 5.d4 O-O 6.O-O dxc4 7.Qa4 a6 8.Qxc4 b5
9.Qc2 Bb7 10.Bg5 Nbd7 11.Bxf6 Nxf6 12.Nbd2 Rc8 13.Nb3 c5 14.dxc5 Be4 15.Qc3 Bd5
16.Rfd1 Qc7 17.Nfd4 Bxg2 18.Kxg2 Ne4 19.Qf3 Nxc5 20.Rac1 Qb6 21.Nxc5 Bxc5
22.Nb3 Be7 23.Rxc8 Rxc8 24.Rc1 Rxc1 25.Nxc1 g6 26.Nd3 Bd6 27.b3 h5 28.Qe4 Kg7
29.e3 Kf8 30.h3 Ke7 31.g4 hxg4 32.hxg4 Qc7 33.Ne1 f5 34.gxf5 gxf5 35.Qc2 Qb7+
36.Kf1 Qh1+ 37.Ke2 Qh5+ 38.Kf1 Qh1+ 39.Ke2 Qh5+ 40.Kf1  1/2-1/2

[Event "TCh-SWE 2011-12"]
[Site "Malmo SWE"]
[Date "2011.10.07"]
[Round "1"]
[White "Vernersson,P"]
[Black "Barkhagen,J"]
[Result "1/2-1/2"]
[WhiteElo "2370"]
[BlackElo "2445"]

1.d4 Nf6 2.c4 e6 3.g3 d5 4.Nf3 Be7 5.Bg2 O-O 6.O-O dxc4 7.Qc2 a6 8.a4 Bd7
9.Qxc4 Bc6 10.Bg5 a5 11.Nc3 Bxf3 12.Bxf3 c6 13.e4 Na6 14.Rad1 Nb4 15.Qe2 Nd7
16.Be3 Bg5 17.Bxg5 Qxg5 18.Bg2 Rad8 19.e5 Qe7 20.Ne4 Nb6 21.b3 N6d5 22.Rc1 Nc7
23.Rfd1 Nca6 24.Rd2 Rd7 25.Qg4 Kh8 26.Bf1 Rfd8 27.Qd1 Kg8 28.h4 h6 29.Nd6 Rxd6
30.exd6 Rxd6 31.Qe2 Qd8 32.Qe4 Nc7 33.Bc4 Ncd5 34.Bxd5 Rxd5 35.Qe3 b6 36.Rcd1 Rf5
37.Qe4 Rd5 38.Qf4 Rf5 39.Qe4 Rd5 40.Qf4 Rf5 41.Qe4  1/2-1/2

[Event "Oslo GM Open"]
[Site "Oslo NOR"]
[Date "2011.10.07"]
[Round "7.22"]
[White "Arvola,B"]
[Black "Bjerke,R"]
[Result "0-1"]
[WhiteElo "2244"]
[BlackElo "2135"]

1.d4 Nf6 2.Nf3 e6 3.g3 d5 4.Bg2 Be7 5.c4 O-O 6.O-O dxc4 7.Qa4 a6 8.Qxc4 b5
9.Qc2 Bb7 10.Bd2 Ra7 11.b4 Nc6 12.Qb2 Qa8 13.Rd1 Rd8 14.Be1 e5 15.Na3 e4
16.Ne5 Bd6 17.Nc2 Re8 18.Bc3 Ne7 19.d5 Nexd5 20.Bd4 Qb8 21.Bh3 c5 22.Nd7 Nxd7
23.Bxd7 cxd4 24.Bxe8 Qxe8 25.Rxd4 Ra8 26.Qb3 Be5 27.Rxe4 Nf6 28.Rxe5 Qxe5
29.e3 Qe4  0-1

[Event "12th Karpov Int"]
[Site "Poikovsky RUS"]
[Date "2011.10.07"]
[Round "4"]
[White "Caruana,F"]
[Black "Karjakin,Sergey"]
[Result "1/2-1/2"]
[WhiteElo "2712"]
[BlackElo "2772"]

1.d4 Nf6 2.c4 e6 3.g3 d5 4.Nf3 Be7 5.Bg2 O-O 6.O-O dxc4 7.Qc2 a6 8.a4 Bd7
9.Qxc4 Bc6 10.Bf4 a5 11.Nc3 Na6 12.Ne5 Bxg2 13.Kxg2 Nd5 14.Rad1 Nxf4+ 15.gxf4 Bd6
16.e3 Qh4 17.Qe2 Bxe5 18.fxe5 f6 19.exf6 Rxf6 20.f4 Nb4 21.Kh1 Rg6 22.Rg1 Rxg1+
23.Rxg1 Qe7 24.Rg5 h6 25.Re5 Qf7 26.Qg2 c6 27.Qe4 Nd5 28.Rxe6 Qh5 29.Re5 Nxc3
30.bxc3 Qd1+ 31.Kg2 Qxa4 32.Re7 Qa2+ 33.Kg3 Qa1 34.Rxb7 Qxc3 35.Qe5 Qe1+
36.Kg2 Qe2+ 37.Kg3 Qe1+ 38.Kg2  1/2-1/2

[Event "ch-UKR w 2011"]
[Site "Poltava UKR"]
[Date "2011.10.07"]
[Round "1.3"]
[White "Gritsayeva,O"]
[Black "Zingaylo,Ana"]
[Result "1-0"]
[WhiteElo "2320"]
[BlackElo "2071"]

1.d4 d5 2.c4 e6 3.Nf3 Nf6 4.g3 Be7 5.Bg2 O-O 6.Qc2 a6 7.cxd5 exd5 8.Nc3 c6
9.O-O Bg4 10.Ne5 Qc8 11.Nxg4 Qxg4 12.Qb3 b5 13.Bf4 Re8 14.Qd1 Bd8 15.Rc1 Ba5
16.h3 Qe6 17.Rc2 Nbd7 18.g4 Ne4 19.Nxe4 dxe4 20.Qc1 Rac8 21.d5 Qxd5 22.Rd1 Qe6
23.Rd6 Qe7 24.Rdxc6 Rxc6 25.Rxc6 Bb6 26.e3 Bd8 27.Rxa6 Nc5 28.Rc6 Nd3 29.Qc3 Nxf4
30.exf4 h6 31.b4 Qd7 32.Qc5 Qd2 33.Rc8 Qd3 34.Bf1 Qd2 35.Qxb5 Re6 36.Qe2 Qd7
37.Qc2 Kh7 38.Bg2 g6 39.Rc3 Qd4 40.Rc4 Qa1+ 41.Kh2 e3 42.fxe3 Rxe3 43.Qd2 Bb6
44.Rc1 Qf6 45.Rf1 Qe6 46.Qd5 Qe7 47.a4 Bc7 48.Kh1 Re1 49.Qc4 Re3 50.a5 Kg8
51.a6 Bb6 52.Qb5 Qd6 53.Qc4 Kg7 54.b5 Qa3 55.Kh2 Rc3 56.Qe4 Re3 57.Qd5 Qe7
58.Rf3 Re1 59.Rf1 Re3 60.Qc6 Bd4 61.Qc4 Bb6 62.Bf3 Qf6 63.Kg2 Rc3 64.Qe4 Re3
65.Qc6 Qd4 66.Kg3 g5 67.fxg5 hxg5 68.Kg2 Qf4 69.Qxb6 Rd3 70.Rf2  1-0

[Event "e2e4 High Wycombe Open"]
[Site "Uplands Park ENG"]
[Date "2011.10.07"]
[Round "1"]
[White "Wells,P"]
[Black "Edwards,R"]
[Result "1-0"]
[WhiteElo "2497"]
[BlackElo "2013"]

1.d4 d5 2.c4 e6 3.Nf3 Nf6 4.g3 Be7 5.Bg2 O-O 6.O-O dxc4 7.Qc2 a6 8.a4 Bd7
9.Qxc4 Bc6 10.Bg5 Nbd7 11.Nc3 Ne4 12.Nxe4 Bxe4 13.Bxe7 Qxe7 14.Qxc7 Rac8
15.Qf4 Nf6 16.Rfc1 Qb4 17.Qd2 Rxc1+ 18.Qxc1 h6 19.e3 Rd8 20.Ne5 Bxg2 21.Kxg2 Ne8
22.Qc3 Qxc3 23.bxc3 Rc8 24.Rb1 f6 25.Nd7 Rxc3 26.Rxb7 Rc6 27.Nb8 Nd6 28.Rxg7+ Kxg7
29.Nxc6  1-0

[Event "TCh-ROU Superliga 2011"]
[Site "Brasov ROU"]
[Date "2011.10.08"]
[Round "1.4"]
[White "Ionescu,M"]
[Black "Raceanu,V"]
[Result "1/2-1/2"]
[WhiteElo "2340"]
[BlackElo "2417"]

1.Nf3 Nf6 2.c4 e6 3.g3 d5 4.Bg2 Be7 5.d4 O-O 6.O-O dxc4 7.Qc2 a6 8.a4 Nc6
9.Qxc4 a5 10.Bg5 h6 11.Bxf6 Bxf6 12.e3 Nb4 13.Ne5 Bxe5 14.dxe5 b6 15.Qb3 Rb8
16.Nc3 Ba6 17.Nb5 Bxb5 18.axb5 Qd3 19.Qc3 Qxb5 20.Rfd1 Rbc8 21.Bf1 Qe8 22.Rd4 Qe7
23.Rad1 Rfd8 24.h4 Rxd4 25.Qxd4 Nc6 26.Qc3 Nb4 27.Qd4 g6 28.Bg2 Rb8 29.Be4 c5
30.Qd6 Qxd6 31.Rxd6 Kf8 32.f4 Ke7 33.Kf2 b5 34.Ke2 a4 35.g4 c4 36.Bb1 Nd5
37.f5 gxf5 38.gxf5 c3 39.e4 Nb6 40.bxc3 Nc4 41.Ra6 Nxe5 42.fxe6 Rg8 43.exf7 Rg2+
44.Ke3 Kxf7 45.Kd4 Nc4 46.Kc5 Rd2 47.Kxb5 Na3+ 48.Kxa4 Nxb1 49.Kb3 Rh2 50.Rxh6 Nd2+
51.Kb4 Nxe4 52.c4 Rb2+ 53.Ka5 Ke7 54.Rb6 Rh2 55.Rh6 Kd7 56.h5 Kc7 57.Kb4 Rh4
58.Kb5 Nd6+ 59.Kc5 Nxc4 60.Rh7+ Kd8 61.h6 Ke8 62.Rh8+ Ke7 63.Kd5 Nd6 64.h7 Rh5+
65.Kc6 Nf7 66.Ra8 Rxh7 67.Kc5 Rh5+ 68.Kd4 Nd6 69.Ra1 Kd7 70.Ra7+ Ke6 71.Ra8 Rh4+
72.Kd3 Nb7 73.Re8+ Kd5 74.Ke3 Ra4 75.Kf3 Nd6 76.Rd8 Ke5 77.Rh8 Ra3+ 78.Kg4 Ra1
79.Rb8 Rf1 80.Ra8 Rf4+ 81.Kg3 Nf5+ 82.Kg2 Rb4 83.Kf3 Rb3+ 84.Ke2 Nd4+ 85.Kd2 Rh3
86.Re8+ Ne6 87.Ra8 Ke4 88.Re8 Kd5 89.Ra8 Rg3 90.Ke2 Kd4 91.Ra4+ Ke5 92.Kf2 Rb3
93.Ra8 Kf5 94.Ke2 Ke4 95.Kd2 Rd3+ 96.Kc2 Nd4+ 97.Kb2 Rb3+ 98.Ka2 Rb7 99.Rc8 Kd3
100.Rh8 Nb5 101.Rh3+ Kc4 102.Rh4+ Nd4 103.Rh8 Ne2 104.Rc8+ Kd3 105.Ka3 Nc3
106.Rd8+ Ke4 107.Rd4+ Ke5 108.Rb4 Rc7 109.Kb3 Nd5 110.Rh4 Ne3 111.Kb2 Kd5
112.Kb3 Nc2 113.Rh5+ Kd4 114.Rh4+ Kd3 115.Rh3+ Ne3 116.Kb4 Rc8 117.Kb5  1/2-1/2

[Event "TCh-ISL Div1 2011-12"]
[Site "Reykjavik ISL"]
[Date "2011.10.08"]
[Round "3.2"]
[White "Halkias,S"]
[Black "Thorsteinsson,Arn"]
[Result "1-0"]
[WhiteElo "2591"]
[BlackElo "2207"]

1.c4 Nf6 2.Nf3 e6 3.g3 d5 4.d4 Be7 5.Bg2 O-O 6.O-O b6 7.cxd5 exd5 8.Nc3 c6
9.Bf4 Bd6 10.Ne5 Nh5 11.Bd2 Bxe5 12.dxe5 g6 13.Bh6 Re8 14.Nxd5 Rxe5 15.Nf4 Qf6
16.Qd4 Nd7 17.Nxh5 gxh5 18.Bf4 Re6 19.Rfd1 Nf8 20.Qxf6 Rxf6 21.Rd8 Bb7 22.Rxa8 Bxa8
23.Rd1 Bb7 24.Rd8  1-0

[Event "TCh-MNE 1st League"]
[Site "Tivat MNE"]
[Date "2011.10.08"]
[Round "8.3"]
[White "Blagojevic,Dr"]
[Black "Tadic,Br"]
[Result "1/2-1/2"]
[WhiteElo "2514"]
[BlackElo "2486"]

1.d4 Nf6 2.c4 e6 3.Nf3 d5 4.g3 Be7 5.Bg2 O-O 6.O-O dxc4 7.Qa4 a6 8.Qxc4 b5
9.Qc2 Bb7 10.Bg5 Nbd7 11.Nbd2 c5 12.Bxf6 Bxf6 13.dxc5 Rc8 14.Nb3 Bd5 15.Rfd1 Qe7
16.Rac1 Bxb3 17.Qxb3 Rxc5 18.Rxc5  1/2-1/2

[Event "Continental Class Ch."]
[Site "Arlington USA"]
[Date "2011.10.09"]
[Round "7"]
[White "Troff,Kayden W"]
[Black "Chiang,S"]
[Result "1-0"]
[WhiteElo "2306"]
[BlackElo "1981"]

1.d4 Nf6 2.c4 e6 3.Nf3 d5 4.g3 Be7 5.Bg2 O-O 6.O-O dxc4 7.Qc2 a6 8.a4 Nbd7
9.Nbd2 c5 10.Nxc4 Nb6 11.dxc5 Bxc5 12.Bg5 h6 13.Nxb6 Bxb6 14.Rad1 Qc7 15.Qxc7 Bxc7
16.Bxf6 gxf6 17.Nd2 Rb8 18.Ne4 Be5 19.b4 f5 20.Nc5 b6 21.Nd3 Bf6 22.Rc1 Rd8
23.Rc7 Bd7 24.Bc6 Rbc8 25.Rxd7 Rxc6 26.Rxd8+ Bxd8 27.b5 axb5 28.axb5 Rc2
29.Rc1 Rxc1+ 30.Nxc1 Kf8 31.Nd3 Bf6 32.Kg2 Ke7 33.Kf3 Kd6 34.e4 fxe4+ 35.Kxe4 Bg7
36.g4 Bf6 37.f4 Bg7 38.h4 Bh8 39.Ne5 Bxe5 40.fxe5+ Ke7 41.Kf4 Kf8 42.h5 Kg8
43.g5 f5 44.exf6 hxg5+ 45.Kxg5  1-0

[Event "49th ch-IND NatA"]
[Site "Aurangabad IND"]
[Date "2011.10.09"]
[Round "1"]
[White "Babu,NS"]
[Black "Neelotpal,D"]
[Result "0-1"]
[WhiteElo "2319"]
[BlackElo "2458"]

1.d4 Nf6 2.c4 e6 3.Nf3 d5 4.g3 Be7 5.Bg2 O-O 6.Nc3 dxc4 7.Ne5 c5 8.dxc5 Qc7
9.Nxc4 Qxc5 10.Nd2 Rd8 11.O-O Nc6 12.Qa4 Qh5 13.Nf3 h6 14.Ne4 Bd7 15.Bd2 e5
16.Nxf6+ Bxf6 17.Bc3 Rac8 18.Rfe1 a6 19.Qb3 b5 20.Qa3 a5 21.Qc5 b4 22.Bd2 Bg4
23.Be3 Nd4 24.Qxa5 Nc2 25.Bb6 Re8 26.Rac1 Nxe1 27.Rxe1 e4 28.Qxh5 Bxh5 29.Nd4 Ra8
30.a3 bxa3 31.bxa3 Rab8 32.Bc5 Rec8 33.Bd6 Bxd4 34.Bxb8 e3 35.Rb1 Bxe2 36.fxe3 Bxe3+
37.Kh1 Bd3 38.Rd1  0-1